| 000 | 00611nam a22001937a 4500 | ||
|---|---|---|---|
| 003 | OSt | ||
| 005 | 20260421024233.0 | ||
| 008 | 251204b |||||||| |||| 00| 0 eng d | ||
| 020 | _a0-495-00734-X. | ||
| 040 |
_aDWCL-Main lib _cOC |
||
| 082 |
_25th ed. _aCirc. 612.67 C377a 2006 |
||
| 100 | _aCavanaugh, John C. | ||
| 245 |
_aAdultdevelopment and aging _cCavanaugh, John C. |
||
| 260 |
_aBelmont, Calif. : _bThomson Higher Education, _cc2006. |
||
| 300 |
_aXVI (various paging) : _billustration ; _c23 cm. |
||
| 650 | _21. Aging. | ||
| 700 | _aBlanchard-Fields, Fredda | ||
| 942 |
_2ddc _cBK-CIRC _e5th ed. _kCirc. _n0 |
||
| 999 |
_c6879 _d6879 |
||